000 nam a22 a 4500
999 _c59985
_d59985
003 BLK
005 20221109092737.0
008 180408b bul|||||r ||||||| ||bul||
010 _aKNG00064113000
040 _aBLK
041 _aBUL
_cBUL
080 _aСелскостопански машини и инструменти. Селскостопанско машиностроене
_b631.3
_x.004.67(035)
_z631.3.004.67(035)
100 1 _aИванов, Асен Д.
_eпърви автор
_9289488
139 _aИванов, Асен Д.
_bИ 21
245 1 0 _aНаръчник на взаимозаменяемите части в селскостопанската техника
_cАсен Д. Иванов.
257 _aBGR
260 _aСофия
_bЗемиздат
_c1978
_fХасково : Ат. Стратиев
300 _a379 с.
_bс табл.
_c21 см
380 _a63
650 4 _aСелскостопански машини и оръдия - ремонт и поддръжка
_9289489
852 _aЦб 91636
856 4 _qpdf
_i0.00
_ldisable
856 4 _qpdf
_i0.00
_ldisable
942 _cKNG
_n0
_s1
944 _aCR
_c13.06.2004
_kЧиталня
944 _aED
_c22.06.2016
_kНора_Радева
944 _aED
_c2022-11-09
_kир
999 _d59985